Organizačné kultúry Európske špecifiká

Salvato in:
Dettagli Bibliografici
Autore principale: Copuš, Lukáš
Altri autori: Šajgalíková, Helena, Stachová, Paulína, Droppa, Milan
Natura: Libro
Lingua:slovacco
Pubblicazione: Bratislava Vydavateľstvo Ofprint 2020
Edizione:1. vydanie
Soggetti:
Tags: Aggiungi Tag
Nessun Tag, puoi essere il primo ad aggiungerne!!

MARC

LEADER 00000nam a2200000 4500
001 0272711
005 20240502074311.8
020 |a 978-80-89037-60-5 
041 0 |a slo 
044 |a SK 
245 1 0 |a Organizačné kultúry  |b Európske špecifiká  |c Lukáš Copuš - Helena Šajgalíková ; odborne posúdili: Paulína Stachová, Milan Droppa 
250 |a 1. vydanie 
264 1 |a Bratislava  |b Vydavateľstvo Ofprint  |c 2020 
300 |a 153 s. [6,76 AH] 
610 2 0 |a kultúra 
610 2 0 |a organizácia 
610 2 0 |a národ 
610 2 0 |a terminológia 
610 2 0 |a Európa 
100 1 |a Copuš, Lukáš 
700 1 |a Šajgalíková, Helena 
700 1 |a Stachová, Paulína 
700 1 |a Droppa, Milan